El acto arquitectónico
Kaydedildi:
| Yazar: | |
|---|---|
| Materyal Türü: | Kitap |
| Dil: | İspanyolca |
| Baskı/Yayın Bilgisi: |
Valparaíso, Chile
Ediciones E-AD- Escuela de Arquitectura y Diseño, Pontificia Universidad Católica de Valparaíso
2005
|
| Seri Bilgileri: | Colección Arquitectura y Diseño
|
| Konular: | |
| Etiketler: |
Etiketle
Etiket eklenmemiş, İlk siz ekleyin!
|
MARC
| LEADER | 00000cam a2200000 a 4500 | ||
|---|---|---|---|
| 001 | UCG3854 | ||
| 003 | CL-VaPUC | ||
| 005 | 20240619100134.0 | ||
| 008 | 100916e20050000CL |||||||||||||||||spa|d | ||
| 999 | |c 342820 |d 342818 | ||
| 020 | |a 9789561704602 | ||
| 040 | |c Pontificia Universidad Católica de Valparaíso | ||
| 082 | 0 | 4 | |a 720 CRU 2005 |2 21 |
| 100 | 0 | |a Cruz Covarrubias, Carlos Alberto |e autor |9 510134 | |
| 245 | 1 | 3 | |a El acto arquitectónico |
| 260 | 0 | 3 | |a Valparaíso, Chile |b Ediciones E-AD- Escuela de Arquitectura y Diseño, Pontificia Universidad Católica de Valparaíso |c 2005 |
| 300 | |a 152 páginas | ||
| 490 | 0 | |a Colección Arquitectura y Diseño | |
| 583 | |a last modification |c 20120117 09:48:53 |k Rodrigo Vera | ||
| 650 | 0 | |a Arquitectura |9 804558 | |
| 650 | 0 | |a Diseño arquitectónico |9 265271 | |
| 650 | 0 | |a Archivo histórico PUCV |9 255554 | |
| 650 | 0 | |a Académicos |x Pontificia Universidad Católica de Valparaíso (PUCV) |9 255553 | |
| 942 | |c BK |2 ddc | ||
| 945 | |d 20100916 00:00:00 |a mfarfan | ||
| 952 | |0 0 |1 0 |2 ddc |4 0 |6 720_000000000000000_CRU_2005 |7 0 |8 A |9 439373 |a BIBARQ |b BIBARQ |d 2019-11-22 |i 4720482 |l 1 |o 720 CRU 2005 |p 4720482 |r 2025-01-20 |s 2024-07-11 |t 1 |w 2019-11-22 |y BK |k ARQ | ||
| 952 | |0 0 |1 0 |2 ddc |4 0 |6 720_000000000000000_CRU_2005 |7 0 |8 A |9 439374 |a BIBARQ |b BIBARQ |d 2019-11-22 |i 4720490 |o 720 CRU 2005 |p 4720490 |r 2019-11-22 |t 2 |w 2019-11-22 |y BK |k ARQ | ||
| 952 | |0 0 |1 0 |2 ddc |4 0 |6 720_000000000000000_CRU_2005 |7 0 |8 A |9 439375 |a BIBARQ |b BIBARQ |d 2019-11-22 |i 4720504 |l 8 |o 720 CRU 2005 |p 4720504 |r 2025-01-20 |s 2023-05-29 |t 3 |w 2019-11-22 |y BK |k ARQ | ||
| 952 | |0 0 |1 0 |2 ddc |4 0 |6 720_000000000000000_CRU_2005 |7 0 |8 A |9 439376 |a BIBARQ |b BIBARQ |d 2019-11-22 |i 4720512 |l 3 |m 2 |o 720 CRU 2005 |p 4720512 |r 2025-01-20 |s 2024-08-09 |t 4 |w 2019-11-22 |y BK |k ARQ | ||
| 952 | |0 0 |1 0 |2 ddc |4 0 |6 720_000000000000000_CRU_2005 |7 0 |8 A |9 439377 |a BIBARQ |b BIBARQ |d 2019-11-22 |i 4720520 |l 2 |o 720 CRU 2005 |p 4720520 |r 2025-01-20 |s 2023-10-24 |t 5 |w 2019-11-22 |y BK |k ARQ | ||
| 952 | |0 0 |1 0 |2 ddc |4 0 |6 720_000000000000000_CRU_2005 |7 0 |8 A |9 439378 |a BIBARQ |b BIBARQ |d 2019-11-22 |i 4720539 |l 1 |o 720 CRU 2005 |p 4720539 |r 2025-01-20 |s 2023-09-08 |t 6 |w 2019-11-22 |y BK |k ARQ | ||
| 952 | |0 0 |1 0 |2 ddc |4 0 |6 720_000000000000000_CRU_2005 |7 0 |8 A |9 439379 |a BIBARQ |b BIBARQ |d 2019-11-22 |i 4720547 |l 1 |o 720 CRU 2005 |p 4720547 |r 2025-03-17 |s 2025-03-17 |t 7 |w 2019-11-22 |y BK |k ARQ | ||
| 952 | |0 0 |1 0 |2 ddc |4 0 |6 720_000000000000000_CRU_2005 |7 0 |8 A |9 439380 |a BIBARQ |b BIBARQ |d 2019-11-22 |i 4720555 |o 720 CRU 2005 |p 4720555 |r 2025-01-20 |t 8 |w 2019-11-22 |y BK |k ARQ | ||
| 952 | |0 0 |1 0 |2 ddc |4 0 |6 720_000000000000000_CRU_2005 |7 0 |8 A |9 439381 |a BIBARQ |b BIBARQ |d 2019-11-22 |i 4720563 |l 1 |o 720 CRU 2005 |p 4720563 |r 2025-01-20 |s 2023-05-19 |t 9 |w 2019-11-22 |y BK |k ARQ | ||
| 952 | |0 0 |1 0 |2 ddc |4 0 |6 720_000000000000000_CRU_2005 |7 0 |8 A |9 439382 |a BIBARQ |b BIBARQ |d 2019-11-22 |i 4720571 |l 1 |o 720 CRU 2005 |p 4720571 |r 2025-01-20 |s 2024-03-21 |t 10 |w 2019-11-22 |y BK |k ARQ | ||
| 952 | |0 0 |1 0 |2 ddc |4 0 |6 720_000000000000000_CRU_2005 |7 0 |8 A |9 439383 |a BIBARQ |b BIBARQ |d 2019-11-22 |i 472058K |l 2 |o 720 CRU 2005 |p 472058K |r 2025-01-20 |s 2024-08-13 |t 11 |w 2019-11-22 |y BK |k ARQ | ||
| 952 | |0 0 |1 0 |2 ddc |4 0 |6 720_000000000000000_CRU_2005 |7 0 |8 A |9 439384 |a BIBARQ |b BIBARQ |d 2019-11-22 |i 4720598 |o 720 CRU 2005 |p 4720598 |r 2025-01-20 |t 12 |w 2019-11-22 |y BK |k ARQ | ||
| 952 | |0 0 |1 0 |2 ddc |4 0 |6 720_000000000000000_CRU_2005 |7 0 |8 A |9 439385 |a BIBARQ |b BIBARQ |d 2019-11-22 |i 4720601 |o 720 CRU 2005 |p 4720601 |r 2025-01-20 |t 13 |w 2019-11-22 |y BK |k ARQ | ||
| 952 | |0 0 |1 0 |2 ddc |4 0 |6 720_000000000000000_CRU_2005 |7 0 |8 A |9 439386 |a BIBARQ |b BIBARQ |d 2019-11-22 |i 472061K |o 720 CRU 2005 |p 472061K |r 2025-01-20 |t 14 |w 2019-11-22 |y BK |k ARQ | ||
| 952 | |0 0 |1 0 |2 ddc |4 0 |6 720_000000000000000_CRU_2005 |7 0 |8 A |9 439387 |a BIBARQ |b BIBARQ |d 2019-11-22 |i 4720628 |l 2 |o 720 CRU 2005 |p 4720628 |r 2025-01-20 |s 2024-10-10 |t 15 |w 2019-11-22 |y BK |k ARQ | ||
| 952 | |0 0 |1 0 |2 ddc |4 0 |6 720_000000000000000_CRU_2005 |7 0 |8 A |9 439388 |a BIBARQ |b BIBARQ |d 2019-11-22 |i 4720636 |l 1 |o 720 CRU 2005 |p 4720636 |r 2025-01-20 |s 2024-04-08 |t 16 |w 2019-11-22 |y BK |k ARQ | ||
| 952 | |0 0 |1 0 |2 ddc |4 0 |6 720_000000000000000_CRU_2005 |7 0 |8 A |9 439389 |a BIBARQ |b BIBARQ |d 2019-11-22 |i 4720644 |o 720 CRU 2005 |p 4720644 |r 2025-01-20 |t 17 |w 2019-11-22 |y BK |k ARQ | ||
| 952 | |0 0 |1 0 |2 ddc |4 0 |6 720_000000000000000_CRU_2005 |7 0 |8 A |9 439390 |a BIBARQ |b BIBARQ |d 2019-11-22 |i 4720652 |o 720 CRU 2005 |p 4720652 |r 2025-01-20 |t 18 |w 2019-11-22 |y BK |k ARQ | ||
| 952 | |0 0 |1 0 |2 ddc |4 0 |6 720_000000000000000_CRU_2005 |7 0 |8 A |9 439391 |a BIBARQ |b BIBARQ |d 2019-11-22 |i 4720660 |l 5 |o 720 CRU 2005 |p 4720660 |r 2025-01-20 |s 2023-07-07 |t 19 |w 2019-11-22 |y BK |k ARQ | ||
| 952 | |0 0 |1 0 |2 ddc |4 0 |6 720_000000000000000_CRU_2005 |7 0 |8 A |9 439392 |a BIBARQ |b BIBARQ |d 2019-11-22 |i 4720679 |l 3 |m 4 |o 720 CRU 2005 |p 4720679 |r 2025-05-02 |s 2025-04-16 |t 20 |w 2019-11-22 |y BK |k ARQ | ||
| 952 | |0 0 |1 0 |2 ddc |4 0 |6 720_000000000000000_CRU_2005 |7 0 |8 A |9 439393 |a BIBART |b BIBART |d 2019-11-22 |i 4720687 |o 720 CRU 2005 |p 4720687 |r 2025-03-13 |t 21 |w 2019-11-22 |y BK |k ART | ||
| 952 | |0 0 |1 0 |2 ddc |4 0 |6 720_000000000000000_CRU_2005 |7 0 |8 A |9 439394 |a BIBART |b BIBART |d 2019-11-22 |i 4720695 |o 720 CRU 2005 |p 4720695 |r 2025-03-13 |t 22 |w 2019-11-22 |y BK |k ART | ||
| 952 | |0 0 |1 0 |2 ddc |4 0 |6 720_000000000000000_CRU_2005 |7 0 |8 X |9 439395 |a FDOBUD |b FDOBUD |d 2019-11-22 |i 4720709 |o 720 CRU 2005 |p 4720709 |r 2019-11-22 |t 23 |w 2019-11-22 |y BK_X |k FHP | ||
| 952 | |0 0 |1 0 |2 ddc |4 0 |6 720_000000000000000_CRU_2005 |7 0 |8 X |9 439396 |a FDOBUD |b FDOBUD |d 2019-11-22 |i 4720717 |o 720 CRU 2005 |p 4720717 |r 2019-11-22 |t 24 |w 2019-11-22 |y BK_X |k FHP | ||
| 952 | |0 0 |1 0 |2 ddc |4 0 |6 720_000000000000000_CRU_2005 |7 0 |8 C |9 439397 |a BIBCUR |b BIBCUR |d 2019-11-22 |i 4720725 |o 720 CRU 2005 |p 4720725 |r 2025-04-22 |t 25 |w 2019-11-22 |y BK |k CAC | ||
| 952 | |0 0 |1 0 |2 ddc |4 0 |6 720_000000000000000_CRU_2005 |7 0 |8 A |9 439398 |a BIBING |b BIBING |d 2019-11-22 |i 4836952 |o 720 CRU 2005 |p 4836952 |r 2025-01-20 |t 26 |w 2019-11-22 |y BK |k CUI | ||